Autonomy and the Protection of Ethnic Minorities in trntino- South Tyrol (Record no. 3108)

MARC details
000 -LEADER
fixed length control field 00470nam a22001337a 4500
008 - FIXED-LENGTH DATA ELEMENTS--GENERAL INFORMATION
fixed length control field 230629b xxu||||| |||| 00| 0 eng d
020 ## - INTERNATIONAL STANDARD BOOK NUMBER
International Standard Book Number 8890007729
082 ## - DEWEY DECIMAL CLASSIFICATION NUMBER
Classification number 346.013
Item number PET
100 ## - MAIN ENTRY--PERSONAL NAME
Titles and words associated with a name Dr. Oskar Peterlini
245 ## - TITLE STATEMENT
Title Autonomy and the Protection of Ethnic Minorities in trntino- South Tyrol
Remainder of title An overview of the History, law and politics
260 ## - PUBLICATION, DISTRIBUTION, ETC. (IMPRINT)
Place of publication, distribution, etc. Italy
Name of publisher, distributor, etc. The presidum of the Regional Parliament Trentino -south Tyrol
Date of publication, distribution, etc. 1977
300 ## - PHYSICAL DESCRIPTION
Extent 309p
942 ## - ADDED ENTRY ELEMENTS (KOHA)
Source of classification or shelving scheme Dewey Decimal Classification
Koha item type Books
Holdings
Withdrawn status Lost status Source of classification or shelving scheme Damaged status Not for loan Home library Current library Date acquired Total Checkouts Full call number Barcode Date last seen Price effective from Koha item type
    Dewey Decimal Classification     County Hall Archives County Hall Archives 06/29/2023   346.013 PET 10011513 06/29/2023 06/29/2023 Books
LIBRARY OPENING HOURS

When the Parliament is sitting: 8.00a.m - 7.00p.m or until the house adjourns
Mondays and Fridays and when the House is on Recess:  8.00a.m - 5.00p.m
Closed on Weekends and Public Holidays

Online Public Access Catalog (OPAC)
Website: http://www.parliament.go.ke
Bunge Library: https://libraryir.parliament.go.ke
Contact: library@parliament.go.ke | Tel no: (254-2)2221291 or 2848000 Ext 5043